Affiches de films minimalistes (1) - Statistiques

Statistiques générales
  • Ce quiz a été pris 1 091 fois
  • Le résultat moyen est 9 sur 20
Statistiques - réponses
Par images Réponse % Correct
Les Minions
89%
Forrest Gump
87%
Matrix
87%
Léon
72%
The Truman show
68%
Le grand bleu
63%
Le dictateur
61%
OSS117 : Le caire nid d'espion
60%
Retour vers le futur
50%
Shining
46%
Seven
41%
La cité de la peur
39%
Le loup de Wall Street
38%
Jurassic park
37%
Taxi driver
33%
Tron
19%
Inidiana Jones et la dernière croisade
16%
The big Lebowski
10%
Fightclub
9%
Les évadés
7%
Aucun quiz correspondant
Distribution des résultats
% des personnes avec chaque résultat
Percentile par nombre de réponses
Votre historique - résultats
Vous n’avez pas pris ce quiz